Social Theory, the State and Modern Society : (Record no. 13807)
[ view plain ]
| 000 -LEADER | |
|---|---|
| fixed length control field | 00912nam a22002057a 4500 |
| 008 - FIXED-LENGTH DATA ELEMENTS--GENERAL INFORMATION | |
| fixed length control field | 100328s2007 enk|||||r|||| 001 0 eng d |
| 020 ## - INTERNATIONAL STANDARD BOOK NUMBER | |
| International Standard Book Number | 9780335214259 |
| 020 ## - INTERNATIONAL STANDARD BOOK NUMBER | |
| International Standard Book Number | 0335214258 |
| 082 ## - DEWEY DECIMAL CLASSIFICATION NUMBER | |
| Edition number | 22 |
| Classification number | 300.1 |
| Item number | MAR |
| 100 ## - MAIN ENTRY--PERSONAL NAME | |
| 9 (RLIN) | 13223 |
| Personal name | Marinetto, Michael |
| 245 ## - TITLE STATEMENT | |
| Title | Social Theory, the State and Modern Society : |
| Remainder of title | The State in Contemporary Social Thought / |
| Statement of responsibility, etc | Michael Marinetto. |
| 260 ## - PUBLICATION, DISTRIBUTION, ETC. (IMPRINT) | |
| Place of publication, distribution, etc | Maidenhead : |
| Name of publisher, distributor, etc | Open University Press, 2007. |
| Date of publication, distribution, etc | 2007 |
| 300 ## - PHYSICAL DESCRIPTION | |
| Extent | xiv, 177 p. ; |
| Dimensions | 24 cm. |
| 490 ## - Series Statement | |
| Series statement | Theorising Society Studies |
| 504 ## - BIBLIOGRAPHY, ETC. NOTE | |
| Bibliography, etc | Includes bibliographical references and index |
| 650 ## - SUBJECT ADDED ENTRY--TOPICAL TERM | |
| 9 (RLIN) | 13202 |
| Topical term or geographic name as entry element | Social sciences |
| General subdivision | Philosophy. |
| 650 ## - SUBJECT ADDED ENTRY--TOPICAL TERM | |
| 9 (RLIN) | 13224 |
| Topical term or geographic name as entry element | State, The |
| General subdivision | Social aspects. |
| 942 ## - ADDED ENTRY ELEMENTS (KOHA) | |
| Source of classification or shelving scheme | Dewey Decimal Classification |
| Item type | Book - Borrowing |
| Withdrawn status | Item status | Source of classification or shelving scheme | Damaged status | Not for loan | Vendor | Home library | Current library | Shelving location | Date acquired | Source of acquisition | Cost, normal purchase price | Serial Enumeration / chronology | Total Checkouts | Total Renewals | Full call number | Barcode | Date last seen | Date last borrowed | Koha item type |
|---|---|---|---|---|---|---|---|---|---|---|---|---|---|---|---|---|---|---|---|
| Dewey Decimal Classification | Baccah | Central Library | Central Library | First floor | 28/03/2010 | 224.00 | 9836 | 3 | 7 | 300.1 MAR | 000020487 | 15/07/2025 | 10/03/2019 | Book - Borrowing |